000 00702nam a2200229 a 4500
008
020 _a0702020419 (pbk.)
049 _aMAIN
090 _aRK280
_bDEA
100 1 _aDean, Christopher.
245 1 0 _aCore anatomy for students :
_bVol. 2: the thorax, abdomen, pelvis and perineum /
_cChristopher Dean and John Pegington.
260 _aLondon :
_bWB Saunders Company Ltd.,
_c1996.
300 _aviii,139 p. :
_bill. ;
_c25 cm.
500 _aInclude index.
650 1 _aAnatomy.
700 _aPegington, John.
907 _a.b10262672
_b13-07-12
_c08-05-09
003
005 20230120204013.0
040 _cNUST
942 _cBOOKS
_kRK280
_mDEA
999 _c115400
_d115400